000 01326nam a22003737a 4500
001 12722007
003 OSt
005 20210419123009.0
008 020328s2006 mau b 001 0 eng
010 _a 2002066421
020 _a0631216723 (alk. paper)
040 _aDLC
_cDLC
_dDLC
041 _aeng
042 _apcc
050 0 0 _aB721
_b.C54 2003
080 _a1 (09)
_bG-71
082 0 0 _a189
_221
100 _9309
_aGracia, J., E., Jorge
_eEditor
245 0 2 _aA companion to philosophy in the middle ages /
_cedited by Jorge J.E. Gracia and Timothy B. Noone.
260 _aMalden, MA :
_bBlackwell Pub.,
_c2006
300 _axxi, 739 p. ;
_c26 cm.
440 0 _aBlackwell companions to philosophy ;
_v24
504 _aIncludes bibliographical references (p. 720-724) and indexes.
650 0 _aPhilosophy, Medieval.
650 0 _aPhilosophy
_9282
653 _aფილოსოფიის ისტორია
653 _aფილოსოფია
653 _aშუა საუკუნეების ფილოსოფია
700 1 _aGracia, Jorge J. E.
700 1 _aNoone, Timothy B.
906 _a7
_bcbc
_corignew
_d1
_eocip
_f20
_gy-gencatlg
942 _2ddc
_cBK
999 _c409
_d409